Представление документа в формате RUSMARC

ПолеНазваниеЗначение
  Тип записи a
  Библиографический уровень m
001 Контрольный номер 5b66d120729a4cd4b1c4b6d843f46afb
005 Дата корректировки 20251211135620.2
010 Индекс ISBN __
a ISBN 978-5-222-40576-5
d Цена 1051-83
100 Данные общей обработки __
a Данные общей обработки 20251210d2024####b##y0rusy50######ca
101 Язык документа 0_
a Язык текста rus
102 Страна публикации __
a Страна публикации RU
200 Заглавие и сведения об ответственности 1_
a Заглавие Обними себя одеждой
e Сведения, относящиеся к заглавию стильный гардероб кук путь к уверенности и успеху
f Первые сведения об ответственности Наталья Вольская
210 Выходные данные 1_
a Место издания Ростов-на-Дону
c Издательство Феникс
d Дата издания 2024
215 Физическое описание __
a Объем 238, [2] c.
c Иллюстрации/тип воспроизводства ил.
225 Серия (Журнальная рубрика) 2_
a Серия (Журнальная рубрика) Любовь к себе
300 Общие примечания __
a Общие примечания На обложке: 30+ ресурсных практик
300 Общие примечания __
a Общие примечания На обложке: Наталья Вольская, психолог-тренер, имидж-дизайнер
320 Библиография __
a Библиография Приложения: с. 216-238
320 Библиография __
a Библиография Библиография: с. 239
330 Аннотация __
a Аннотация Автор предлагает сформировать собственный стиль в одежде, изучить себя и самостоятельно составить комфортные образы для любого случая. Для закрепления материала предложены практические упражнения, с помощью которых можно определить стилевой психотип, нужную цветовую гамму, оценить эффект от прически, макияжа и маникюра, научиться управлять целостным впечатлением и получить знания о деталях гардероба.
333 Примечание о целевом назначении __
a Примечание о целевом назначении 0+
606 Тематические рубрики __
a Основная рубрика Легкая промышленность
606 Тематические рубрики __
a Основная рубрика Домоводство
606 Тематические рубрики __
a Основная рубрика Психология
606 Тематические рубрики __
a Основная рубрика Психология личности
610 Ключевые слова 0_
a Ключевые слова выбор одежды
a Ключевые слова мода
a Ключевые слова стиль в одежде
a Ключевые слова культура одежды
a Ключевые слова самооценка (выбор одежды)
a Ключевые слова индивидуальность человека
a Ключевые слова психотипы
a Ключевые слова гардероб
a Ключевые слова цветовой анализ
a Ключевые слова коррекции фигуры
a Ключевые слова межличностные коммуникации
a Ключевые слова самопознание
a Ключевые слова личные границы
a Ключевые слова зрелый возраст
686 Индексы других классификаций __
a Индекс ББК 37.279
686 Индексы других классификаций __
a Индекс ББК 88.3
700 Автор _1
a Фамилия Вольская
b Имя Н. С.
g Полное личное имя Наталья Сергеевна
4 Код отношения 070
801 Источник записи _0
a Страна RU
b Организация Центральная районная библиотека им. Г. А. Пирожникова
c Дата составления 20251210
g Правила каталогизации bzbo
801 Источник записи _1
a Страна RU
b Организация Центральная районная библиотека им. Г. А. Пирожникова
c Дата составления 20251210
g Правила каталогизации bzbo
852 Данные о местонахождении __
i Авторский знак В 718
j Шифр хранения 37.279
901 Тип документа __
t Тип документа m
902 Роль лиц __
a Создатель БЗ ОКиО/Колмакова